| 000 | 02263nam a2200577 i 4500 | ||
|---|---|---|---|
| 001 | 39598 | ||
| 003 | KOSZ 005 | ||
| 005 | 20240405063128.0 | ||
| 008 | 000112s1999 pl a f f |100 0 pol | ||
| 015 | _aPB 2000/1716 | ||
| 020 | _a8388163078 | ||
| 035 | _a991012355799705066 | ||
| 035 | _a(PL-WaBN)b13344092-48omnis_nlop | ||
| 035 | _ab13344092 | ||
| 035 | _a(OCoLC)830242935 | ||
| 035 | _a(PL)b0000001334409 | ||
| 035 | _a(EXLNZ-48OMNIS_NETWORK)9910422433705606 | ||
| 040 |
_aWA N _cWA N _dKOSZ 005/HR |
||
| 041 | 0 | _apol | |
| 046 | _k1999 | ||
| 080 | _a37(438) | ||
| 080 | _a528.9 | ||
| 080 | _a(06) | ||
| 245 | 0 | 0 |
_aKartografia w polskim systemie edukacyjnym : _bXXVI Ogólnopolska Konferencja Kartograficzna, Słupsk-Ustka 14-16 października 1999 roku / _c[red. tomu Ryszard Klimko] ; Instytut Geografii Wyższej Szkoły Pedagogicznej w Słupsku, Komisja Kartograficzna Polskiego Towarzystwa Geograficznego. |
| 260 |
_aSłupsk : _bBogucki Wydaw. Naukowe, _c1999. |
||
| 300 |
_a175 s. : _bil., mapy ; _c24 cm. |
||
| 380 | _aKsiążki | ||
| 380 | _aPublikacje naukowe | ||
| 388 | _a1901-2000 | ||
| 388 | _a1989-2000 | ||
| 490 | 1 |
_aMateriały Ogólnopolskich Konferencji Kartograficznych, _x0860-4495 ; _vt. 21 |
|
| 504 | _aBibliogr. | ||
| 648 | _a1901-2000 | ||
| 648 | _a1989-2000 | ||
| 650 | 7 |
_aKartografia _2DBN |
|
| 650 | 7 | _aNauczanie | |
| 650 | 7 | _aSzkolnictwo | |
| 651 | 7 | _aPolska | |
| 655 | 7 |
_aMateriały konferencyjne _2DBN |
|
| 658 | _aEdukacja i pedagogika | ||
| 658 | _aGeografia i nauki o Ziemi | ||
| 700 | 1 |
_aKlimko, Ryszard _eRedakcja |
|
| 710 | 2 |
_aBogucki Wydawnictwo Naukowe _4pbl |
|
| 710 | 2 | _aInstytut Geografii i Studiów Regionalnych (Akademia Pomorska ; Słupsk) | |
| 710 | 2 | _aKomisja Kartograficzna (Polskie Towarzystwo Geograficzne) | |
| 711 | 2 |
_aOgólnopolska Konferencja Kartograficzna _n(26 ; _d1999 ; _cSłupsk-Ustka). |
|
| 830 | 0 |
_aMateriały Ogólnopolskich Konferencji Kartograficznych _vt. 21 |
|
| 856 |
_uhttp://koha.tu.koszalin.pl/cgi-bin/koha/opac-detail.pl?biblionumber=39598 _yKatalog online BPK |
||
| 942 |
_2UKD _cKS |
||
| 999 |
_c39598 _d39598 |
||